Folded, spindled, and mutilated economic analysis

Đã lưu trong:
Sonraí Bibleagrafaíochta
Príomhúdar: Fisher, Franklin M.
Formáid: Leabhar
Teanga:Undetermined
Foilsithe: Cambridge The MIT Press 1983
Ábhair:
Clibeanna: Cuir Clib Leis
Gan Chlibeanna, Bí ar an gcéad duine leis an taifead seo a chlibeáil!
Thư viện lưu trữ: Trung tâm Học liệu Trường Đại học Cần Thơ
LEADER 00557nam a2200193Ia 4500
001 CTU_82720
008 210402s9999 xx 000 0 und d
082 |a 343.73 
082 |b F533 
100 |a Fisher, Franklin M. 
245 0 |a Folded, spindled, and mutilated economic analysis 
245 0 |c Franklin M. Fisher 
260 |a Cambridge 
260 |b The MIT Press 
260 |c 1983 
650 |a United States,Computer industry 
650 |x Law and legislation 
904 |i QHieu(sửa) 
980 |a Trung tâm Học liệu Trường Đại học Cần Thơ